State Names Containing 4 Different Letters - Statistics

General Stats
  • This quiz has been taken 54 times
  • The average score is 8 of 9
Answer Stats
Letters Answer % Correct
A B L M Alabama
100%
A I O W Iowa
94%
A H I W Hawaii
90%
A D I N Indiana
90%
A H T U Utah
90%
A K N S Kansas
86%
A K L S Alaska
84%
E N S T Tennessee
80%
I M P S Mississippi
70%
No matching quizzes found
Score Distribution
Percent of People with Each Score
Percentile by Number Answered
Your Score History
You have not taken this quiz